Grayscale Flags Quiz - Statistics

General Stats
  • This quiz has been taken 173 times
  • The average score is 18 of 20
Answer Stats
Picture Answer % Correct
Canada
99%
United States
99%
Brazil
97%
Norway
96%
Georgia
94%
Kosovo
91%
Vietnam
91%
Slovakia
90%
Kazakhstan
89%
Kenya
89%
Uruguay
89%
Sri Lanka
88%
Tunisia
87%
Panama
84%
Papua New Guinea
83%
Singapore
83%
Laos
81%
Philippines
81%
Samoa
74%
Belize
73%
No matching quizzes found
Score Distribution
Percent of People with Each Score
Percentile by Number Answered
Your Score History
You have not taken this quiz